00270nam a2200121Ia 4500008004100000100001600041245002100057260002600078300000700104650001300111942000700124999001700131190216s9999||||xx |||||||||||||| ||und|| aMuhamed K T 0aKaliyum Karyavum bPoorna Pubs Kozhikode a87 aKathakal cBK c25100d25100